00323nam a2200109Ia 4500008004100000041000800041082001200049100003200061245004400093260004500137300003100182240624s9999 xx 000 0 und d aeng a031 SOA aENCYCLOPEDIA BRITANNICA INC aBRITANNICA READY REFERENCE ENCYCLOPEDIA c2005aNew DelhibEncyclopedia Britannica axii, : 268 : p. : cm. ; 25